Słowa na literę E - Statystyki

Ogólne statystyki
  • Ten quiz został rozwiązany 29 razy
  • Średni wynik to 19 z 73
Statystyki odpowiedzi
Odpowiedź % Poprawnych
ekran
64%
element
64%
emu
64%
elekt
60%
echo
56%
energia
56%
ekierka
52%
ekler
48%
elektryk
48%
epoka
48%
etyka
48%
efekt
44%
era
44%
etui
44%
edycja
40%
ego
40%
ekologia
40%
ekonomia
40%
emulsja
40%
epika
40%
edukacja
36%
egzamin
36%
emocja
36%
etykieta
36%
eukaliptus
36%
ekspert
32%
email
32%
erozja
32%
energetyk
28%
etap
28%
etat
28%
ewakuacja
28%
ewolucja
28%
elita
24%
emisja
24%
epizod
24%
esencja
24%
estetyka
24%
egoizm
20%
egzekucja
20%
ekipa
20%
elf
20%
eliksir
20%
empatia
20%
encyklopedia
20%
eutanazja
20%
edytor
16%
egzemplarz
16%
elewacja
16%
emigracja
16%
ebook
12%
egzotyka
12%
ekosystem
12%
elektrownia
12%
epilepsja
12%
epilog
12%
etymologia
12%
egoista
8%
egzystencja
8%
ekspedient
8%
eksperyment
8%
ekwiwalent
8%
elekcja
8%
elektryczność
8%
eliminacja
8%
epitet
8%
ewentualność
8%
elektroda
4%
ekscytacja
0%
elastyczność
0%
emotikon
0%
endorfina
0%
eyeliner
0%
Nie znaleziono quizów pasujących do podanych kryteriów
Rozkład punktacji
Procent ludzi z każdym wynikiem
Percentyl według liczby udzielonych odpowiedzi
Twoja historia wyników
Nie rozwiązałeś tego quizu